000 00586nam a2200229Ia 4500
003 OSt
005 20220928140606.0
006 a|||||r|||| 00| 0
007 ta
008 220927b |||||||| |||| 00| 0 eng d
024 _a9741
037 _cTextual
040 _aSDCL
_cSDCL
_beng
041 _2eng
_aeng
082 _aO-,3L97w,2, H7
100 _aShelley
245 0 _aMary Shelley's journal.
260 _c1947
700 _a Jones Frederick L Ed.
_9496109
942 _hO-,3L97w,2, H7
_cTEXL
_2CC
999 _c812374
_d812374